[Event "Challenge"]
[Site "http://www.queenalice.com/game.php?id=430586"]
[Date "2008.7.9"]
[Round "-"]
[White "ousado"]
[Black "OSEIASPAIAO"]
[Result "1-0"]
[WhiteElo "1474"]
[BlackElo "1280"]

1. e4 e5 2. Nf3 Qf6 3. d3 Bb4+ 4. c3 Bd6 5. Bg5 Qg6 6. Nbd2 f6 7. Bh4 Ne7 8. Be2
b6 9. d4 Qxg2 10. Rg1 Qh3 11. Rg3 g5 12. Rxh3 gxh4 13. Nxh4 Nbc6 14. Bh5+ Kf8
15. Qf3 Ba6 16. Qxf6+ Kg8 17. Qf7# 1-0

[Event "Challenge"]
[Site "http://www.queenalice.com/game.php?id=431613"]
[Date "2008.7.11"]
[Round "-"]
[White "OSEIASPAIAO"]
[Black "ahmadov"]
[Result "0-1"]
[WhiteElo "1187"]
[BlackElo "1792"]

1. b3 e5 2. e4 d6 3. Nc3 Nf6 4. Nf3 Bg4 5. Bd3 Nc6 6. Qe2 Be7 7. a3 Nd4 8. Bb5+
c6 9. Qd3 Bxf3 10. gxf3 cxb5 11. b4 a6 12. Rg1 O-O 13. Nd5 Nxd5 14. exd5 f5 15.
Bb2 Bf6 16. O-O-O e4 17. Qe3 Nxf3 18. Rg3 f4 19. Qxf4 Bxb2+ 20. Kxb2 Rxf4 21. h3
Qf6+ 22. c3 Rc8 23. Kc2 Nd4+ 24. Kb2 Rxf2 25. cxd4 Qxd4+ 26. Kb3 Qc4+ 27. Kb2
Qc2+ 28. Ka1 Qxd1+ 29. Kb2 Rxd2# 0-1

[Event "Let's Play Chess!"]
[Site "http://www.queenalice.com/game.php?id=433378"]
[Date "2008.7.15"]
[Round "-"]
[White "OSEIASPAIAO"]
[Black "erikmartinelli"]
[Result "0-1"]
[WhiteElo "1187"]
[BlackElo "1503"]

1. d4 d5 2. Qd3 Nc6 3. Nf3 Bg4 4. Be3 Nf6 5. Ng5 b6 6. Nd2 e5 7. Qc3 Bb4 8.
Qxc6+ Nd7 9. Qxd5 Qe7 10. Qxa8+ Qd8 11. Qxd8+ Kxd8 12. c3 exd4 13. Bxd4 Bc5 14.
Nxf7+ Kc8 15. Nxh8 Bd6 16. a3 g5 17. f3 Be6 18. b4 h5 19. Ne4 Bf4 20. g3 Be5 21.
Be3 Bxh8 22. Bxg5 Ne5 23. f4 Ng4 24. h3 Ne3 25. Rc1 Bd5 26. Kf2 Nf5 27. Kf3 Nd6
28. Rd1 Bxe4+ 29. Ke3 Bxh1 30. Kf2 Ne4+ 0-1

[Event "CFS I/2006 TURMA C"]
[Site "http://www.queenalice.com/game.php?id=434324"]
[Date "2008.7.16"]
[Round "-"]
[White "OSEIASPAIAO"]
[Black "alac"]
[Result "0-1"]
[WhiteElo "1173"]
[BlackElo "1358"]

1. Nf3 e6 2. e4 Bc5 3. Qe2 Qf6 4. d4 Bb6 5. Be3 Na6 6. a3 d6 7. Qb5+ c6 8. Qxc6+
bxc6 9. Bd3 Nh6 10. Bxa6 Bxa6 11. Nc3 Ng4 12. h3 Nxe3 13. fxe3 O-O 14. O-O-O Be2
15. Nxe2 e5 16. Ng3 Qg6 17. Rhg1 Qxg3 18. Rgf1 Qxg2 19. h4 c5 20. dxe5 dxe5 21.
Nxe5 Rfd8 22. Nf3 Rxd1+ 23. Kxd1 Qxf1+ 24. Ne1 Ba5 25. c3 Rd8+ 26. Kc2 Qxe1 27.
b4 Rd2+ 28. Kb3 Bb6 29. b5 Qxe3 30. h5 Ba5 31. Ka4 Bb6 32. e5 Qe4+ 33. c4 Qxc4#
0-1

[Event "jogo de amigos"]
[Site "http://www.queenalice.com/game.php?id=434325"]
[Date "2008.7.16"]
[Round "-"]
[White "OSEIASPAIAO"]
[Black "ousado"]
[Result "0-1"]
[WhiteElo "1189"]
[BlackElo "1564"]

1. Nf3 d5 2. Ng5 e5 3. e3 Qxg5 4. Qe2 Bd6 5. h4 Qh6 6. Nc3 Nf6 7. Qb5+ c6 8. Qd3
O-O 9. Be2 Na6 10. a3 e4 11. Qd4 c5 12. Qa4 Bd7 13. b3 Bxa4 14. bxa4 Nd7 15. Rb1
Nb6 16. Nb5 Be5 17. a5 Nd7 18. Bg4 Nf6 19. Bh3 Qxh4 20. Bb2 Bxb2 21. Rxb2 Ng4
22. Nd6 Qxf2+ 23. Kd1 Qh4 24. Rxb7 Nf2+ 25. Kc1 Nxh1 26. Rxf7 Rxf7 27. Nxf7 Kxf7
28. Bf5 g6 29. Bd7 Rb8 30. g3 Qxg3 31. Bb5 Nc7 32. a6 Rxb5 33. a4 Qe1# 0-1

[Event "CFS I/2006 TURMA C"]
[Site "http://www.queenalice.com/game.php?id=434326"]
[Date "2008.7.16"]
[Round "-"]
[White "OSEIASPAIAO"]
[Black "ousado"]
[Result "0-1"]
[WhiteElo "1500"]
[BlackElo "1460"]

1. e4 e5 2. Qf3 Nf6 3. Nc3 Bb4 4. d3 d6 5. Bd2 Bg4 6. Qg3 Nc6 7. a3 Ba5 8. b4
Bb6 9. Na4 Nd4 10. c3 Nc2# 0-1

[Event "CARA DE TIGRE II"]
[Site "http://www.queenalice.com/game.php?id=439637"]
[Date "2008.7.27"]
[Round "-"]
[White "LeonardoNeves"]
[Black "OSEIASPAIAO"]
[Result "1-0"]
[WhiteElo "1812"]
[BlackElo "1187"]

1. e4 e5 2. Nf3 Qf6 3. Nc3 Nc6 4. Bc4 Bc5 5. d3 Nge7 6. Be3 Ng6 7. Bxc5 b6 8.
Be3 O-O 9. Nd5 Qd6 10. O-O a5 11. a3 f6 12. Nxc7+ Kh8 13. Nxa8 Qb8 14. Nxb6 d6
15. Nxc8 Qxc8 16. c3 Qb8 17. Qd2 a4 18. d4 h6 19. Bxh6 d5 20. Bxd5 Nce7 21. Ba2
Ng8 22. Be3 Qc8 23. Qd1 Qd7 24. b3 axb3 25. Bxb3 N8e7 26. Qc2 Qb5 27. Rab1 Rb8
28. Bf7 Nf8 29. Rxb5 Rxb5 30. dxe5 g5 31. exf6 g4 32. fxe7 Nd7 33. Ng5 Rb8 34.
Bd4+ Nf6 35. Bxf6# 1-0

[Event "A VOLTA"]
[Site "http://www.queenalice.com/game.php?id=439638"]
[Date "2008.7.27"]
[Round "-"]
[White "Galdino_78"]
[Black "OSEIASPAIAO"]
[Result "1-0"]
[WhiteElo "1500"]
[BlackElo "1211"]

1. d4 e6 2. Nf3 Qf6 3. c3 d5 4. e3 Bd6 5. Bd3 Nh6 6. O-O O-O 7. b4 a6 8. Nbd2
Bd7 9. Bb1 b5 10. Qc2 Nc6 11. Qxh7# 1-0

[Event "A VIRADA"]
[Site "http://www.queenalice.com/game.php?id=439639"]
[Date "2008.7.27"]
[Round "-"]
[White "ahmadov"]
[Black "OSEIASPAIAO"]
[Result "1-0"]
[WhiteElo "1827"]
[BlackElo "1181"]

1. e4 e5 2. Nf3 h6 3. Be2 Qf6 4. O-O g5 5. d4 b5 6. Bxb5 c6 7. dxe5 Qg6 8. Bd3
Bb7 9. Nc3 Bb4 10. Nd4 Bxc3 11. bxc3 a6 12. Nf5 Ne7 13. Nd6+ Kf8 14. Nxb7 Ra7
15. Nd6 Rh7 16. Ba3 a5 17. Nc8 Rc7 18. Nxe7 Qg7 19. Nf5+ Ke8 20. Nxg7+ Rxg7 21.
Qh5 c5 22. Qxh6 Kf8 23. Qd6+ Ke8 24. Qxc7 Rg6 25. Bxc5 Nc6 26. Qc8+ Nd8 27. Bb5
g4 28. Qxd7# 1-0

[Event "MENGÃO CAMPEÃO DO BRASILEIRÃO"]
[Site "http://www.queenalice.com/game.php?id=439640"]
[Date "2008.7.27"]
[Round "-"]
[White "erikmartinelli"]
[Black "OSEIASPAIAO"]
[Result "1-0"]
[WhiteElo "1465"]
[BlackElo "1181"]

1. e4 e5 2. g3 Qf6 3. Nc3 Bd6 4. Nf3 h6 5. Bg2 a5 6. Nd5 Qe6 7. c3 c6 8. Nb6 Ra6
9. Nxc8 Bc5 10. d4 Bb6 11. Nxb6 Rxb6 12. dxe5 Na6 13. b3 Nc5 14. Nd4 Qxe5 15.
O-O Nf6 16. Bf4 Qh5 17. Qxh5 Nxh5 18. Nf5 Ne6 19. Nd6+ Ke7 20. Rad1 Nf6 21. Nf5+
Kf8 22. e5 Ng4 23. Rxd7 Nc5 24. Rd8# 1-0

[Event "JOGO DE SARGENTOS I 2006"]
[Site "http://www.queenalice.com/game.php?id=456385"]
[Date "2008.8.31"]
[Round "-"]
[White "dreddvedder"]
[Black "OSEIASPAIAO"]
[Result "1-0"]
[WhiteElo "1890"]
[BlackElo "1160"]

1. d4 d5 2. c4 Be6 3. cxd5 Qxd5 4. Nc3 Qd8 5. Nf3 c6 6. e4 Nf6 7. Be2 Qa5 8. O-O
Bxa2 9. Rxa2 Qc7 10. Bg5 Nh5 11. Nd2 e6 12. Bxh5 g6 13. Bf6 Rg8 14. Bf3 Bb4 15.
Qb3 a5 16. Bg4 Qf4 17. Bxe6 Qxf6 18. Bc4 Rf8 19. e5 Qd8 20. Nde4 Qxd4 21. Nf6+
Ke7 22. Nxh7 Rh8 23. Nf6 Qxe5 24. Ng4 Qg5 25. Re1+ Kf8 26. Bxf7 Rh7 27. Bg8 Qf4
28. Bxh7 Qxg4 29. Qg8# 1-0

[Event "SARGENTOS"]
[Site "http://www.queenalice.com/game.php?id=456386"]
[Date "2008.8.31"]
[Round "-"]
[White "OSEIASPAIAO"]
[Black "dreddvedder"]
[Result "0-1"]
[WhiteElo "1185"]
[BlackElo "1740"]

1. e4 c5 2. c4 Nc6 3. a3 d6 4. Ne2 Nf6 5. h3 Nxe4 6. f3 Nf6 7. Nbc3 e6 8. d3 Be7
9. Qa4 O-O 10. Ne4 Bd7 11. Be3 Ne5 12. Qb3 Rb8 13. Nc1 b5 14. cxb5 Bxb5 15.
Nxf6+ Bxf6 16. Qd1 Qc7 17. b4 cxb4 18. axb4 Qc3+ 19. Qd2 Qxd2+ 20. Kxd2 Nxd3 21.
Bxd3 Bxd3 22. Nxd3 Bxa1 23. Bxa7 Bf6 24. g4 Rb7 25. Be3 Rc8 26. Rc1 Rxc1 27.
Kxc1 Bc3 28. Kc2 Bxb4 29. Bf4 e5 30. Be3 Rc7+ 31. Kb3 Bc5 32. g5 Bxe3 33. Nb4
Rb7 34. Kc4 Rxb4+ 35. Kxb4 d5 36. h4 d4 37. Kc4 Kf8 38. Kd3 Ke7 39. f4 exf4 40.
Ke4 Ke6 41. Kd3 f3 42. Ke4 f2 43. Kf3 Kf5 44. Kg2 d3 45. Kf1 Ke4 0-1

[Event "jogo de sgt"]
[Site "http://www.queenalice.com/game.php?id=459382"]
[Date "2008.9.6"]
[Round "-"]
[White "SGT"]
[Black "OSEIASPAIAO"]
[Result "1-0"]
[WhiteElo "1880"]
[BlackElo "1160"]

1. d4 d5 2. c4 Nf6 3. cxd5 Nxd5 4. e4 Nf6 5. Nc3 e6 6. Nf3 Bd6 7. Bd3 h6 8. e5
Bxe5 9. dxe5 Nd5 10. Bb5+ Bd7 11. Bxd7+ Nxd7 12. Nxd5 Nb6 13. Nxb6 Qxd1+ 14.
Kxd1 Rd8+ 15. Kc2 axb6 16. Be3 g5 17. Rad1 Ra8 18. a3 c6 19. Rd6 Ke7 20. Rhd1
Ke8 21. Bxb6 Ra6 22. Rd8+ Ke7 23. R1d7# 1-0

[Event "jogo de sgt"]
[Site "http://www.queenalice.com/game.php?id=459383"]
[Date "2008.9.6"]
[Round "-"]
[White "SGT"]
[Black "OSEIASPAIAO"]
[Result "1-0"]
[WhiteElo "1835"]
[BlackElo "1160"]

1. d4 c6 2. c4 d6 3. Nf3 e6 4. e4 Be7 5. Bd3 Nf6 6. O-O O-O 7. Nc3 Qb6 8. Re1 e5
9. dxe5 dxe5 10. Nxe5 Rd8 11. Qc2 Bd6 12. Nf3 Bg4 13. e5 Ne8 14. Bxh7+ Kf8 15.
exd6 Nf6 16. Bf4 Bxf3 17. gxf3 Nbd7 18. Bf5 Nc5 19. Be3 Re8 20. Na4 Nxa4 21.
Bxb6 axb6 22. d7 Red8 23. Re2 c5 24. Rae1 g6 25. Bh3 Kg7 26. b3 Rxd7 27. Bxd7
Nxd7 28. bxa4 f5 29. Re7+ Kf8 30. Qc3 Rd8 31. Qg7# 1-0

[Event "jogo de sgt"]
[Site "http://www.queenalice.com/game.php?id=459384"]
[Date "2008.9.6"]
[Round "-"]
[White "OSEIASPAIAO"]
[Black "SGT"]
[Result "0-1"]
[WhiteElo "1160"]
[BlackElo "1901"]

1. c4 Nf6 2. Nf3 e6 3. Nc3 c6 4. b3 d5 5. d4 Bd6 6. cxd5 exd5 7. Bg5 O-O 8. Bxf6
Qxf6 9. e3 Bg4 10. Be2 Re8 11. Nd2 Bxe2 12. Qxe2 Nd7 13. a4 Re7 14. O-O-O Rae8
15. g3 Bb4 16. Na2 Ba3+ 17. Kc2 Qxd4 18. Nb1 Qb2+ 19. Kd3 Nc5# 0-1

[Event "jogo de sgt"]
[Site "http://www.queenalice.com/game.php?id=459385"]
[Date "2008.9.6"]
[Round "-"]
[White "OSEIASPAIAO"]
[Black "SGT"]
[Result "1-0"]
[WhiteElo "1183"]
[BlackElo "1768"]

1. e3 e5 2. d3 f5 3. Be2 Nf6 4. Bd2 d5 5. Nc3 Be7 6. Bh5+ g6 7. Be2 Nc6 8. Bf3
O-O 9. Nge2 Be6 10. Bxd5 Nxd5 11. Nxd5 Bxd5 12. Nc3 Be6 13. Qe2 a6 14. O-O-O Nb4
15. Qf3 c6 16. e4 Nxa2+ 17. Nxa2 Bxa2 18. h3 Bg5 19. h4 Bxd2+ 20. Kxd2 f4 21. c4
Qa5+ 22. Ke2 Qb4 23. Rd2 Rad8 24. Rc2 Bb3 25. Rd2 Bxc4 26. Rc1 Bb5 27. Rcc2 Qd4
28. Qg4 Qxe4+ 29. Kf1 Bxd3+ 30. Kg1 Bxc2 31. Qe2 Qxe2 32. Rxe2 Ba4 33. Kh1 Rd1+
34. Kh2 Re8 35. Re4 Bb5 36. g4 Rd2 37. b4 Rd4 38. f3 Rxe4 39. fxe4 f3 40. Kg1
Rd8 41. Kf2 Rf8 42. g5 Be2 43. Ke3 Rd8 44. Kf2 Rd2 45. Ke1 Rd1+ 46. Kf2 b6 47.
Kg3 Rg1+ 48. Kf2 1-0

[Event "A Revanche"]
[Site "http://www.queenalice.com/game.php?id=511875"]
[Date "2008.12.24"]
[Round "-"]
[White "OSEIASPAIAO"]
[Black "erikmartinelli"]
[Result "0-1"]
[WhiteElo "1160"]
[BlackElo "1540"]

1. f4 e6 2. Nf3 Nf6 3. Ne5 Qe7 4. d4 Ne4 5. c3 Qh4+ 6. g3 Qh5 7. Bg2 Nf6 8. Bd2
d6 9. Nf3 Ne4 10. Qc2 d5 11. Be3 g6 12. Qa4+ Bd7 13. h4 Bxa4 14. b3 Nxg3 15. Rg1
Bb5 16. a4 Bxe2 17. Bf2 Bxf3 18. Bxg3 Bd1 19. Nd2 Qe2# 0-1

[Event "A Revanche II"]
[Site "http://www.queenalice.com/game.php?id=511876"]
[Date "2008.12.24"]
[Round "-"]
[White "erikmartinelli"]
[Black "OSEIASPAIAO"]
[Result "1-0"]
[WhiteElo "1365"]
[BlackElo "1213"]

1. e4 e5 2. Nf3 d6 3. g3 Nf6 4. Bg2 Nxe4 5. d3 Nc5 6. Nc3 Be6 7. Nb5 Be7 8. Bg5
O-O 9. c3 a6 10. Bxe7 axb5 11. Bxd8 Rxd8 12. Ng5 h6 13. Nxe6 Nxe6 14. O-O Nc6
15. Bxc6 bxc6 16. d4 e4 17. Re1 f5 18. b3 Ng5 19. Kh1 Nf3 20. Re3 c5 21. dxc5
dxc5 22. Qf1 Nd2 23. Qxb5 Nf3 24. Qc4+ Kh8 25. Qxc5 Ng5 26. Qxc7 Rac8 27. Qe5
Rd7 28. f4 Nh7 29. Qxf5 Nf6 30. Rxe4 Rf8 31. a4 Rd5 32. Qg6 Rg5 33. Qxg5 hxg5
34. Rd4 Rc8 35. fxg5 Nh5 36. g6 Rxc3 37. Rh4 Rc5 38. g4 Kg8 39. Rxh5 1-0